[Event "IX Torneo Internazionale"]
[Site "Montecatini Terme ITA"]
[Date "2003.11.08"]
[Round "1"]
[White "Aldrovandi, Costantino"]
[Black "Marzano, Carlo"]
[Result "1/2-1/2"]
[WhiteElo "2414"]
[BlackElo "2225"]
[PlyCount "84"]
[EventDate "2003.11.08"]

1. c4 Nc6 2. g3 e5 3. Bg2 d6 4. Nc3 Be6 5. d3 Qd7 6. e4 g6 7. Nd5 Nd4 8. f3 c6
9. Nc3 Bg7 10. Nge2 Ne7 11. O-O O-O 12. Nxd4 exd4 13. Ne2 f5 14. Nf4 Bf7 15. b3
a5 16. a4 Rae8 17. Ra2 c5 18. h4 Nc6 19. Bh3 Kh8 20. g4 fxg4 21. fxg4 Be6 22.
Kg2 Ne5 23. Kg3 Rf7 24. Raf2 Ref8 25. Qe2 Qe7 26. Bd2 b6 27. Bc1 Qd7 28. Qd1
Qe7 29. Rh1 Nc6 30. Bf1 Be5 31. g5 Bc8 32. Be2 Nd8 33. Bg4 Ne6 34. Rhf1 Nxf4
35. Bxf4 Rxf4 36. Rxf4 Rxf4 37. Rxf4 Bxf4+ 38. Kxf4 Qe5+ 39. Kf3 Bxg4+ 40. Kxg4
Qe6+ 41. Kg3 Qe5+ 42. Kg2 Qf4 1/2-1/2

[Event "IX Torneo Internazionale"]
[Site "Montecatini Terme ITA"]
[Date "2003.11.08"]
[Round "1"]
[White "Jones, Gawain C.B."]
[Black "Ivanov, Jordan"]
[Result "0-1"]
[WhiteElo "2364"]
[BlackElo "2426"]
[PlyCount "62"]
[EventDate "2003.11.08"]

1. e4 c5 2. Nf3 e6 3. d3 Nc6 4. g3 Nge7 5. Bg2 g6 6. h4 h6 7. O-O Bg7 8. c3 d5
9. Qe2 b6 10. e5 Qc7 11. Re1 Ba6 12. c4 Rd8 13. Bf4 Nf5 14. b3 Ncd4 15. Nxd4
Nxd4 16. Qd2 dxc4 17. bxc4 Nc6 18. Qc3 Rd4 19. Bxc6+ Qxc6 20. Nd2 g5 21. Be3
Bb7 22. f3 Bxe5 23. Bf2 Bg7 24. hxg5 hxg5 25. Kg2 g4 26. Re4 gxf3+ 27. Nxf3
Rxd3 28. Qxg7 Qxe4 29. Qxh8+ Kd7 30. Qh5 Rxf3 31. Kf1 Qd4 0-1

[Event "IX Torneo Internazionale"]
[Site "Montecatini Terme ITA"]
[Date "2003.11.08"]
[Round "1"]
[White "Mrdja, Milan"]
[Black "Naumkin, Igor"]
[Result "1/2-1/2"]
[WhiteElo "2387"]
[BlackElo "2401"]
[PlyCount "30"]
[EventDate "2003.11.08"]

1. e4 e6 2. d4 d5 3. Nc3 Bb4 4. e5 c5 5. a3 Bxc3+ 6. bxc3 Qc7 7. Nf3 Ne7 8. a4
b6 9. Bb5+ Bd7 10. Bd3 Nbc6 11. O-O h6 12. Re1 O-O 13. Ba3 Na5 14. Nd2 f6 15.
exf6 Rxf6 1/2-1/2

[Event "IX Torneo Internazionale"]
[Site "Montecatini Terme ITA"]
[Date "2003.11.08"]
[Round "1"]
[White "Sciortino, Massimo"]
[Black "Passerotti, Pierluigi"]
[Result "0-1"]
[WhiteElo "2192"]
[BlackElo "2295"]
[PlyCount "110"]
[EventDate "2003.11.08"]

1. e4 c5 2. Nf3 d6 3. d4 cxd4 4. Qxd4 Nc6 5. Bb5 Nf6 6. Nc3 Bd7 7. Bxc6 Bxc6 8.
Bg5 e6 9. O-O-O Be7 10. Qd3 Qa5 11. Kb1 O-O 12. h4 b5 13. Nd4 Rfc8 14. Nxc6
Rxc6 15. Qxb5 Qc7 16. Qd3 Rb8 17. Rh3 Qb6 18. b3 Qxf2 19. Be3 Qxg2 20. Bd4 Rxc3
21. Bxc3 Qxe4 22. Bxf6 Qxd3 23. Rhxd3 gxf6 24. Rg3+ Kh8 25. Rdg1 f5 26. Rg7 Rf8
27. h5 h6 28. R7g3 Bf6 29. c4 Bd4 30. Rd1 Bc5 31. Kb2 Rb8 32. a3 a5 33. Rd2 f4
34. Rf3 e5 35. Rd5 Kg7 36. Kc2 Kf6 37. Rfd3 Ke6 38. Rd1 e4 39. Rf1 f3 40. b4
axb4 41. a4 b3+ 42. Kb2 Rb4 43. Ra1 Rxc4 44. Rdd1 e3 45. Kxb3 Rb4+ 46. Kc3 e2
47. Re1 Re4 48. Kd3 Kf5 49. a5 Re3+ 50. Kd2 Re7 51. Rab1 Ra7 52. Rb3 Kg4 53.
Ra1 Re7 54. a6 f2 55. Ra4+ Kxh5 0-1

[Event "IX Torneo Internazionale"]
[Site "Montecatini Terme ITA"]
[Date "2003.11.08"]
[Round "1"]
[White "Squarci, Franco"]
[Black "Camerini, Lorenzo"]
[Result "0-1"]
[WhiteElo "2001"]
[BlackElo "1894"]
[PlyCount "108"]
[EventDate "2003.11.08"]

1. d4 Nf6 2. Nf3 g6 3. Nbd2 Bg7 4. e4 d6 5. Bc4 O-O 6. O-O a6 7. c3 Nc6 8. Re1
e5 9. d5 Ne7 10. Nf1 h6 11. h3 Nd7 12. N3h2 Qe8 13. Ng4 Kh7 14. Ng3 f5 15. exf5
gxf5 16. Nh2 Nf6 17. Bb3 Qg6 18. Nf3 Kh8 19. c4 Nh7 20. Nh4 Qf6 21. Qh5 Bd7 22.
Bc2 Be8 23. Qf3 Qxh4 24. Bxf5 Bg6 25. Re4 Qf6 26. Bxg6 Qxf3 27. gxf3 Nxg6 28.
Rg4 Nf4 29. Bxf4 Rxf4 30. Nh5 Rxg4+ 31. hxg4 Rf8 32. Kg2 Ng5 33. Ng3 Nxf3 34.
Nf5 Nd4 35. Nh4 Kh7 36. Re1 Bf6 37. Nf3 Nxf3 38. Kxf3 Bg5+ 39. Kg3 Rf4 40. b3
Rd4 41. Re2 Rd2 42. Kf3 Rxe2 43. Kxe2 Kg6 44. Kf3 Bf4 45. Ke4 Kg5 46. Kf3 e4+
47. Kxe4 Kxg4 48. b4 h5 49. a4 h4 50. a5 Bd2 51. c5 Bxb4 52. c6 bxc6 53. dxc6
h3 54. Ke3 h2 0-1

[Event "IX Torneo Internazionale"]
[Site "Montecatini Terme ITA"]
[Date "2003.11.08"]
[Round "1"]
[White "Tocchioni, Doriano"]
[Black "Piscopo, Pierluigi"]
[Result "1-0"]
[WhiteElo "2199"]
[BlackElo "2321"]
[PlyCount "79"]
[EventDate "2003.11.08"]

1. Nf3 Nf6 2. d4 c5 3. d5 e6 4. c4 d6 5. Nc3 exd5 6. cxd5 g6 7. h3 Bg7 8. e4
O-O 9. Bd3 Bd7 10. Bf4 Re8 11. O-O c4 12. Bc2 Qb6 13. Rb1 Na6 14. e5 dxe5 15.
Nxe5 Nb4 16. Nxc4 Qc5 17. Bb3 Nbxd5 18. Bd6 Nxc3 19. bxc3 Qf5 20. Bg3 Ne4 21.
Bc2 Bc6 22. Nd6 Qc5 23. Bxe4 Bxe4 24. Nxe8 Rxe8 25. Re1 b5 26. Rb4 Bc6 27.
Rxe8+ Bxe8 28. Qd8 Qc6 29. c4 Bf6 30. Qd3 Qe6 31. Kh2 a5 32. Rxb5 Bxb5 33. cxb5
Qxa2 34. b6 Qb2 35. Qa6 a4 36. b7 Be5 37. Qa8+ Kg7 38. Bxe5+ Qxe5+ 39. g3 Qd4
40. b8=Q 1-0

[Event "IX Torneo Internazionale"]
[Site "Montecatini Terme ITA"]
[Date "2003.11.09"]
[Round "2"]
[White "Camerini, Lorenzo"]
[Black "Tocchioni, Doriano"]
[Result "0-1"]
[WhiteElo "1894"]
[BlackElo "2199"]
[PlyCount "72"]
[EventDate "2003.11.08"]

1. e4 c6 2. d4 d5 3. Nc3 dxe4 4. Nxe4 Nf6 5. Nxf6+ gxf6 6. Bc4 Bf5 7. Ne2 Nd7
8. c3 Nb6 9. Bb3 e6 10. Ng3 Bg6 11. Qf3 a5 12. a4 Be7 13. h4 h5 14. Ne2 Nd5 15.
O-O Bf5 16. Qg3 Kd7 17. Bxd5 cxd5 18. Bf4 Qb6 19. Qe3 Rac8 20. Qd2 Rhg8 21. Kh1
Rg4 22. g3 Qb3 23. Nc1 Qc4 24. Qe2 Bc2 25. Qxc4 Rxc4 26. f3 Rg8 27. Rf2 Rxa4
28. Rxa4 Bxa4 29. b3 Bb5 30. Kh2 Rc8 31. Bd2 b6 32. f4 Ba3 33. Na2 Bd3 34. Rf3
Bb1 35. Nc1 Bc2 36. b4 Be4 0-1

[Event "IX Torneo Internazionale"]
[Site "Montecatini Terme ITA"]
[Date "2003.11.09"]
[Round "2"]
[White "Marzano, Carlo"]
[Black "Sciortino, Massimo"]
[Result "1-0"]
[WhiteElo "2225"]
[BlackElo "2192"]
[PlyCount "73"]
[EventDate "2003.11.08"]

1. Nc3 e5 2. Nf3 Nc6 3. d4 exd4 4. Nxd4 Nf6 5. Bg5 Be7 6. Nf5 O-O 7. Nxe7+ Nxe7
8. Bxf6 gxf6 9. e3 c6 10. Qd4 Nf5 11. Qg4+ Ng7 12. Bd3 d5 13. Qf3 f5 14. O-O-O
Be6 15. h3 b5 16. g4 Qc8 17. Rdg1 Kh8 18. Ne2 Qd7 19. Ng3 fxg4 20. Qf6 Qd8 21.
Qh6 f5 22. hxg4 Bg8 23. Nxf5 Qf6 24. f4 Nxf5 25. Bxf5 Rae8 26. Qxf6+ Rxf6 27.
Kd2 Re7 28. c3 d4 29. cxd4 Bxa2 30. e4 Rd6 31. Ke3 Bc4 32. b4 Bd5 33. Rh5 Bg8
34. g5 Kg7 35. Rgh1 a5 36. bxa5 Ra7 37. Rxh7+ 1-0

[Event "IX Torneo Internazionale"]
[Site "Montecatini Terme ITA"]
[Date "2003.11.09"]
[Round "2"]
[White "Mrdja, Milan"]
[Black "Squarci, Franco"]
[Result "1/2-1/2"]
[WhiteElo "2387"]
[BlackElo "2001"]
[PlyCount "36"]
[EventDate "2003.11.08"]

1. e4 e5 2. Nf3 Nc6 3. Bb5 a6 4. Ba4 Nf6 5. O-O Be7 6. Re1 b5 7. Bb3 O-O 8. h3
d6 9. c3 Na5 10. Bc2 c5 11. d4 Qc7 12. Nbd2 Bd7 13. Nf1 Nc4 14. b3 Nb6 15. d5
c4 16. b4 a5 17. a3 axb4 18. cxb4 Na4 1/2-1/2

[Event "IX Torneo Internazionale"]
[Site "Montecatini Terme ITA"]
[Date "2003.11.09"]
[Round "2"]
[White "Piscopo, Pierluigi"]
[Black "Jones, Gawain C.B."]
[Result "1/2-1/2"]
[WhiteElo "2321"]
[BlackElo "2364"]
[PlyCount "76"]
[EventDate "2003.11.08"]

1. e4 c5 2. Nc3 g6 3. d4 cxd4 4. Qxd4 Nf6 5. Bb5 a6 6. e5 axb5 7. exf6 e6 8.
Nf3 Nc6 9. Qh4 b4 10. Ne2 Ra5 11. O-O Rh5 12. Qg3 d6 13. Re1 Qxf6 14. Bg5 Qxb2
15. Rab1 Qg7 16. Nf4 Rxg5 17. Nxg5 Be7 18. h4 O-O 19. Rb3 Nd4 20. Rd3 Nxc2 21.
Red1 d5 22. Ne2 b6 23. Qc7 Bc5 24. Nf4 h6 25. Ngh3 Nd4 26. Rg3 e5 27. Nh5 Ne2+
28. Kh2 Qh8 29. Rdd3 e4 30. N3f4 Qa1 31. Rd1 Nxg3 32. Rxa1 Nxh5 33. Nxd5 Bxf2
34. Qc2 Bd4 35. Rd1 Be5+ 36. Kg1 Bg4 37. Qxe4 Bxd1 38. Qxe5 b3 1/2-1/2

[Event "IX Torneo Internazionale"]
[Site "Montecatini Terme ITA"]
[Date "2003.11.10"]
[Round "3"]
[White "Jones, Gawain C.B."]
[Black "Camerini, Lorenzo"]
[Result "1-0"]
[WhiteElo "2364"]
[BlackElo "1894"]
[PlyCount "39"]
[EventDate "2003.11.08"]

1. e4 c5 2. Nc3 Nc6 3. Bb5 Nd4 4. Bc4 g6 5. Nf3 Bg7 6. Nxd4 cxd4 7. Qf3 e6 8.
Nb5 d6 9. Qa3 Ke7 10. c3 dxc3 11. O-O a6 12. Nxc3 Qc7 13. d3 Bd7 14. Bf4 Qc5
15. b4 Qh5 16. d4 Rc8 17. Be2 Rxc3 18. Qb2 Qh4 19. g3 Qf6 20. e5 1-0

[Event "IX Torneo Internazionale"]
[Site "Montecatini Terme ITA"]
[Date "2003.11.10"]
[Round "3"]
[White "Passerotti, Pierluigi"]
[Black "Marzano, Carlo"]
[Result "0-1"]
[WhiteElo "2295"]
[BlackElo "2225"]
[PlyCount "92"]
[EventDate "2003.11.08"]

1. d4 g6 2. c4 Bg7 3. Nc3 d6 4. Nf3 Nd7 5. e4 e5 6. Be2 Ne7 7. g4 exd4 8. Nxd4
Nc6 9. Be3 O-O 10. h4 Nc5 11. f3 Ne5 12. Qc2 c6 13. O-O-O Qb6 14. Kb1 Qc7 15.
h5 a5 16. Rh3 Ne6 17. hxg6 fxg6 18. Rdh1 Nxd4 19. Bxd4 h5 20. c5 Be6 21. gxh5
Bxh3 22. Rxh3 g5 23. Qd2 dxc5 24. Bxc5 Rf4 25. Rg3 Nf7 26. Bc4 b5 27. Bd6 Rd8
28. Bxc7 Rxd2 29. Bxf4 gxf4 30. Bxf7+ Kxf7 31. Rg5 a4 32. e5 Bh8 33. Ne4 Re2
34. h6 b4 35. Rf5+ Ke6 36. Rf8 Bxe5 37. Re8+ Kd5 38. Nf6+ Kc4 39. Nd7 Re1+ 40.
Kc2 b3+ 41. axb3+ axb3+ 42. Kd2 Bc3+ 43. bxc3 Rxe8 44. Nf6 b2 45. Kc2 Re2+ 46.
Kb1 Kb3 0-1

[Event "IX Torneo Internazionale"]
[Site "Montecatini Terme ITA"]
[Date "2003.11.10"]
[Round "3"]
[White "Sciortino, Massimo"]
[Black "Ivanov, Jordan"]
[Result "1/2-1/2"]
[WhiteElo "2192"]
[BlackElo "2426"]
[PlyCount "32"]
[EventDate "2003.11.08"]

1. e4 d5 2. exd5 Nf6 3. d4 Nxd5 4. Nf3 g6 5. c4 Nb6 6. c5 Nd5 7. Bc4 Bg7 8. h3
O-O 9. O-O Nc6 10. a3 b6 11. b4 bxc5 12. bxc5 Rb8 13. Be3 Nxe3 14. fxe3 e5 15.
d5 Na5 16. Ba2 e4 1/2-1/2

[Event "IX Torneo Internazionale"]
[Site "Montecatini Terme ITA"]
[Date "2003.11.10"]
[Round "3"]
[White "Squarci, Franco"]
[Black "Naumkin, Igor"]
[Result "1/2-1/2"]
[WhiteElo "2001"]
[BlackElo "2401"]
[PlyCount "38"]
[EventDate "2003.11.08"]

1. d4 e6 2. g3 Nf6 3. Bg2 d5 4. Nf3 Be7 5. Bf4 O-O 6. O-O c5 7. c3 Nc6 8. e3
cxd4 9. exd4 b5 10. Nbd2 a5 11. Ne5 Nxe5 12. Bxe5 Ba6 13. b3 b4 14. c4 Rc8 15.
Rc1 Qd7 16. Re1 Rfd8 17. c5 Bb5 18. Bf1 Bxf1 19. Kxf1 Ne8 1/2-1/2

[Event "IX Torneo Internazionale"]
[Site "Montecatini Terme ITA"]
[Date "2003.11.10"]
[Round "3"]
[White "Tocchioni, Doriano"]
[Black "Mrdja, Milan"]
[Result "1/2-1/2"]
[WhiteElo "2199"]
[BlackElo "2387"]
[PlyCount "118"]
[EventDate "2003.11.08"]

1. d4 g6 2. Nf3 Bg7 3. c3 d6 4. Bg5 Nd7 5. Nbd2 f6 6. Bh4 Nh6 7. Qb3 Nf7 8. e3
O-O 9. Bc4 e5 10. Rd1 Qe7 11. dxe5 dxe5 12. O-O Kh8 13. e4 Nd6 14. Be2 Nc5 15.
Qc2 Bd7 16. Rfe1 Bc6 17. Bf1 a5 18. h3 Qf7 19. b3 g5 20. Bg3 Qg6 21. Bd3 Rad8
22. Re3 Nxd3 23. Rxd3 Bxe4 24. Nxe4 Qxe4 25. Qd2 Qg6 26. Rd5 b6 27. Qe2 Rde8
28. c4 Ne4 29. Qe1 Nxg3 30. fxg3 e4 31. Nd4 f5 32. g4 fxg4 33. hxg4 Bxd4+ 34.
R5xd4 e3 35. Rd7 e2 36. Qc3+ Kg8 37. Re1 Rf7 38. Rxf7 Qxf7 39. Qd2 Qe7 40. Qd5+
Kg7 41. Qd4+ Kg6 42. Qd3+ Qe4 43. Qf3 Qd4+ 44. Kh1 Kg7 45. g3 Qd2 46. Qf2 Re4
47. Kg2 Re7 48. Kg1 h6 49. Kg2 c5 50. a3 Re3 51. Kh3 Qd3 52. b4 Re5 53. bxa5
bxa5 54. a4 Qxc4 55. Rxe2 Qe6 56. Qxc5 Qxg4+ 57. Kxg4 Rxc5 58. Re7+ Kf6 59. Re4
Rc3 1/2-1/2

[Event "IX Torneo Internazionale"]
[Site "Montecatini Terme ITA"]
[Date "2003.11.11"]
[Round "4"]
[White "Camerini, Lorenzo"]
[Black "Aldrovandi, Costantino"]
[Result "1/2-1/2"]
[WhiteElo "1894"]
[BlackElo "2414"]
[PlyCount "27"]
[EventDate "2003.11.08"]

1. e4 c5 2. Nf3 d6 3. d4 cxd4 4. Nxd4 Nf6 5. Nc3 g6 6. Be3 Bg7 7. f3 Nc6 8. Qd2
O-O 9. Bc4 Bd7 10. O-O-O Ne5 11. Bb3 Qa5 12. g4 Rfc8 13. h4 b5 14. Nd5 1/2-1/2

[Event "IX Torneo Internazionale"]
[Site "Montecatini Terme ITA"]
[Date "2003.11.11"]
[Round "4"]
[White "Ivanov, Jordan"]
[Black "Passerotti, Pierluigi"]
[Result "1-0"]
[WhiteElo "2426"]
[BlackElo "2295"]
[PlyCount "95"]
[EventDate "2003.11.08"]

1. c4 e5 2. Nc3 d6 3. g3 g6 4. Bg2 Bg7 5. d3 f5 6. e4 Nf6 7. Nge2 Nc6 8. O-O
O-O 9. exf5 Bxf5 10. h3 Qd7 11. g4 Be6 12. Ng3 Rf7 13. Nce4 Nxe4 14. Nxe4 h6
15. Be3 Raf8 16. Qd2 Kh7 17. Ng3 d5 18. cxd5 Bxd5 19. Be4 Bxe4 20. Nxe4 Rf3 21.
Kg2 Ne7 22. Qe2 b6 23. Qxf3 Rxf3 24. Kxf3 Qxd3 25. Rfd1 Qb5 26. a4 Qe8 27. Rac1
Qf7+ 28. Kg2 Nd5 29. Rd2 Qe6 30. b4 c6 31. b5 c5 32. Rcd1 Nxe3+ 33. fxe3 Qc4
34. Kf3 Qf7+ 35. Kg3 Qb3 36. Rd3 Qxa4 37. Kf3 Qxb5 38. Rd7 g5 39. Rxa7 Qc4 40.
Rdd7 Qf1+ 41. Nf2 e4+ 42. Kxe4 Qxf2 43. Rxg7+ Kh8 44. Rgf7 Qg2+ 45. Ke5 Kg8 46.
Rfd7 Qg3+ 47. Kd5 Qb8 48. Rg7+ 1-0

[Event "IX Torneo Internazionale"]
[Site "Montecatini Terme ITA"]
[Date "2003.11.11"]
[Round "4"]
[White "Mrdja, Milan"]
[Black "Jones, Gawain C.B."]
[Result "1-0"]
[WhiteElo "2387"]
[BlackElo "2364"]
[PlyCount "35"]
[EventDate "2003.11.08"]

1. e4 c5 2. Nf3 g6 3. Be2 Bg7 4. O-O Nc6 5. Bb5 Qb6 6. a4 a6 7. Bxc6 Qxc6 8.
Nc3 e6 9. Re1 Ne7 10. e5 d5 11. exd6 Qxd6 12. Ne4 Qc7 13. d4 cxd4 14. Bh6 Bxh6
15. Qxd4 O-O 16. Nf6+ Kh8 17. Ne8+ e5 18. Nxe5 1-0

[Event "IX Torneo Internazionale"]
[Site "Montecatini Terme ITA"]
[Date "2003.11.11"]
[Round "4"]
[White "Naumkin, Igor"]
[Black "Marzano, Carlo"]
[Result "1-0"]
[WhiteElo "2401"]
[BlackElo "2225"]
[PlyCount "133"]
[EventDate "2003.11.08"]

1. d4 g6 2. c4 Bg7 3. Nc3 d6 4. e4 e5 5. Nf3 exd4 6. Nxd4 Nc6 7. Be3 Nge7 8.
Nxc6 Nxc6 9. Be2 O-O 10. O-O f5 11. exf5 Bxf5 12. Qd2 Qf6 13. Rad1 Kh8 14. Nd5
Qf7 15. b4 b6 16. g4 Be6 17. f4 Qd7 18. h3 a5 19. b5 Bxd5 20. Qxd5 Ne7 21. Qd3
Qe6 22. Bf3 Rae8 23. Rfe1 Qf7 24. Bc1 Bh6 25. Re4 Ng8 26. g5 Bg7 27. Rde1 Rxe4
28. Qxe4 Qf5 29. Qxf5 Rxf5 30. Bd5 Rf8 31. Kg2 Bc3 32. Re2 Kg7 33. h4 h5 34. a4
Ba1 35. Kf3 Bc3 36. Re6 Rf7 37. Re3 Bd4 38. Rd3 Ba1 39. Bxf7 Kxf7 40. c5 dxc5
41. Rd7+ Ne7 42. Rxc7 Ke6 43. Ke4 Bd4 44. Bd2 Nf5 45. Rc6+ Nd6+ 46. Kf3 Kd5 47.
f5 Nxf5 48. Rxb6 c4 49. Rc6 Bb2 50. Kf2 Nxh4 51. Bxa5 Nf5 52. Rxg6 Bd4+ 53. Ke2
Be5 54. Rg8 h4 55. Rd8+ Ke4 56. Re8 h3 57. Bc7 h2 58. Rxe5+ Kd4 59. Rd5+ Kxd5
60. Bxh2 Nd4+ 61. Kd1 Ke4 62. g6 Kd3 63. g7 c3 64. Bf4 Ne2 65. g8=Q c2+ 66. Ke1
Nxf4 67. Qb3+ 1-0

[Event "IX Torneo Internazionale"]
[Site "Montecatini Terme ITA"]
[Date "2003.11.11"]
[Round "4"]
[White "Piscopo, Pierluigi"]
[Black "Sciortino, Massimo"]
[Result "1-0"]
[WhiteElo "2321"]
[BlackElo "2192"]
[PlyCount "125"]
[EventDate "2003.11.08"]

1. e4 e5 2. Nf3 Nc6 3. d4 exd4 4. Nxd4 Nf6 5. Nxc6 bxc6 6. e5 Qe7 7. Qe2 Nd5 8.
c4 Qb4+ 9. Nd2 Nf4 10. Qe4 Ne6 11. Be2 Bb7 12. O-O c5 13. Qe3 Nd4 14. Bd3 O-O-O
15. a3 Qb6 16. Rb1 a5 17. Ne4 Re8 18. Nc3 f6 19. f4 fxe5 20. Nd5 Bxd5 21. cxd5
Bd6 22. f5 Rhf8 23. Be4 c4 24. Kh1 g6 25. f6 Bc5 26. Qc3 Rxf6 27. Rxf6 Qxf6 28.
Qxc4 Qh4 29. Bg5 Qxe4 30. Rc1 Bb6 31. d6 Qb7 32. Qf7 Rh8 33. Qg7 Re8 34. Qf7
Rh8 35. Bf6 Qe4 36. Bxh8 Ne2 37. Qc4 Qe3 38. Qa6+ Kb8 39. dxc7+ Bxc7 40. Qb5+
Kc8 41. Rd1 Nd4 42. Qd5 d6 43. Qg8+ Kb7 44. Qxh7 g5 45. Qd3 Qf4 46. Rf1 Qh4 47.
Bf6 d5 48. Qh3 Qxh3 49. gxh3 Ne6 50. Rf5 Kc6 51. Bxe5 Bxe5 52. Rxe5 Kd6 53. Re1
Nf4 54. b4 axb4 55. axb4 Kc6 56. Rb1 Kb5 57. Kg1 Nxh3+ 58. Kg2 Nf4+ 59. Kf3 Nd3
60. Kg4 Ne5+ 61. Kxg5 Nf3+ 62. Kf4 Nxh2 63. Rh1 1-0

[Event "IX Torneo Internazionale"]
[Site "Montecatini Terme ITA"]
[Date "2003.11.11"]
[Round "4"]
[White "Squarci, Franco"]
[Black "Tocchioni, Doriano"]
[Result "0-1"]
[WhiteElo "2001"]
[BlackElo "2199"]
[PlyCount "48"]
[EventDate "2003.11.08"]

1. d4 c5 2. e3 e6 3. g3 Nf6 4. Bg2 d5 5. Nf3 Nc6 6. c3 Ne4 7. Nbd2 f5 8. h4 Be7
9. h5 O-O 10. h6 g6 11. Nxe4 fxe4 12. Nh2 b6 13. f3 exf3 14. Bxf3 Bd6 15. Rg1
Bxg3+ 16. Rxg3 Qh4 17. Nf1 Ba6 18. Kf2 Bxf1 19. Qxf1 Rxf3+ 20. Kxf3 Rf8+ 21.
Kg2 Rxf1 22. Rxg6+ hxg6 23. Kxf1 Qh2 24. dxc5 Ne5 0-1

[Event "IX Torneo Internazionale"]
[Site "Montecatini Terme ITA"]
[Date "2003.11.11"]
[Round "5"]
[White "Aldrovandi, Costantino"]
[Black "Mrdja, Milan"]
[Result "1/2-1/2"]
[WhiteElo "2414"]
[BlackElo "2387"]
[PlyCount "25"]
[EventDate "2003.11.08"]

1. c4 g6 2. g3 Bg7 3. Bg2 c5 4. Nc3 Nc6 5. a3 Nh6 6. Rb1 a5 7. b3 O-O 8. e3 Nf5
9. Nge2 Rb8 10. O-O b6 11. Nb5 Ba6 12. d3 e6 13. e4 1/2-1/2

[Event "IX Torneo Internazionale"]
[Site "Montecatini Terme ITA"]
[Date "2003.11.11"]
[Round "5"]
[White "Jones, Gawain C.B."]
[Black "Squarci, Franco"]
[Result "1-0"]
[WhiteElo "2364"]
[BlackElo "2001"]
[PlyCount "87"]
[EventDate "2003.11.08"]

1. e4 Nf6 2. e5 Nd5 3. d4 d6 4. c4 Nb6 5. exd6 cxd6 6. Nc3 g6 7. Be3 Bg7 8. Rc1
O-O 9. b3 Bf5 10. Nf3 N8d7 11. Nh4 Nf6 12. Nxf5 gxf5 13. Qf3 Qd7 14. Bd3 e6 15.
h3 Nc8 16. g4 Ne7 17. gxf5 exf5 18. Rg1 Kh8 19. d5 Rg8 20. Kd1 Ne4 21. Nxe4
fxe4 22. Bxe4 f5 23. Bd3 Bb2 24. Kc2 Be5 25. Qh5 Qe8 26. Rxg8+ Qxg8 27. Bg5 Qf8
28. Rg1 Ng6 29. Bh6 Qf7 30. Qxf5 Qxf5 31. Bxf5 Nf4 32. Kd2 Re8 33. h4 Bc3+ 34.
Kc2 Ne2 35. Rg4 Bf6 36. Kd3 Bb2 37. Be6 b5 38. Kxe2 bxc4 39. Rxc4 a5 40. Rc8
Rxc8 41. Bxc8 a4 42. bxa4 Bc3 43. Be6 Bd4 44. f4 1-0

[Event "IX Torneo Internazionale"]
[Site "Montecatini Terme ITA"]
[Date "2003.11.11"]
[Round "5"]
[White "Marzano, Carlo"]
[Black "Ivanov, Jordan"]
[Result "0-1"]
[WhiteElo "2225"]
[BlackElo "2426"]
[PlyCount "92"]
[EventDate "2003.11.08"]

1. d4 Nf6 2. Nf3 d6 3. c4 g6 4. Nc3 Bf5 5. g3 Ne4 6. Nh4 Nxc3 7. bxc3 Be4 8. f3
Bc6 9. e4 Bg7 10. Be3 O-O 11. Rb1 b6 12. Bd3 e5 13. O-O Bd7 14. c5 dxc5 15.
dxc5 Qe7 16. Qb3 Nc6 17. Ng2 Na5 18. Qb4 Rfe8 19. Bb5 Bxb5 20. Qxb5 Qe6 21. Qe2
Bf8 22. Rfd1 Red8 23. Bf2 Qc4 24. Kf1 Rxd1+ 25. Rxd1 Qxc3 26. cxb6 axb6 27. Ne3
Bd6 28. Nd5 Qc4 29. Nxb6 cxb6 30. Rxd6 Qxe2+ 31. Kxe2 Nc4 32. Rc6 Rxa2+ 33. Ke1
Nd2 34. Rc3 b5 35. g4 g5 36. h4 h6 37. Rd3 Nc4 38. Rd8+ Kg7 39. h5 b4 40. Rb8
Nd2 41. Bg3 Nxf3+ 42. Kf1 b3 43. Bf2 Nd2+ 44. Kg2 b2 45. Bg3 b1=Q 46. Bxe5+ f6
0-1

[Event "IX Torneo Internazionale"]
[Site "Montecatini Terme ITA"]
[Date "2003.11.11"]
[Round "5"]
[White "Passerotti, Pierluigi"]
[Black "Piscopo, Pierluigi"]
[Result "1/2-1/2"]
[WhiteElo "2295"]
[BlackElo "2321"]
[PlyCount "72"]
[EventDate "2003.11.08"]

1. d4 Nf6 2. c4 g6 3. Nc3 Bg7 4. e4 O-O 5. Nf3 c6 6. Be2 d5 7. e5 Ne4 8. O-O
Nxc3 9. bxc3 dxc4 10. Bxc4 c5 11. h3 Nc6 12. a4 Qc7 13. Qe2 e6 14. Be3 cxd4 15.
cxd4 b6 16. Rac1 Bb7 17. Ng5 Qd8 18. Rfd1 Ne7 19. Bd3 Rc8 20. Rxc8 Qxc8 21. Ne4
Qc6 22. Rc1 Qxa4 23. Rc7 Bxe4 24. Bxe4 Nd5 25. Bxd5 exd5 26. Qf3 Qa2 27. Kh2 h6
28. Qg4 Qb1 29. Rxa7 Qe4 30. Rb7 Qxg4 31. hxg4 f6 32. f4 g5 33. fxg5 hxg5 34.
exf6 Rxf6 35. Bxg5 Rg6 36. Be3 Rxg4 1/2-1/2

[Event "IX Torneo Internazionale"]
[Site "Montecatini Terme ITA"]
[Date "2003.11.11"]
[Round "5"]
[White "Sciortino, Massimo"]
[Black "Camerini, Lorenzo"]
[Result "1-0"]
[WhiteElo "2192"]
[BlackElo "1894"]
[PlyCount "77"]
[EventDate "2003.11.08"]

1. g3 g6 2. Bg2 Bg7 3. d4 d6 4. e4 Nf6 5. Nc3 O-O 6. h3 e5 7. Nge2 Nc6 8. Be3
exd4 9. Nxd4 Bd7 10. O-O Nxd4 11. Bxd4 Bc6 12. b4 Ne8 13. b5 Bd7 14. Bxg7 Nxg7
15. Qd3 Be6 16. Rad1 Qg5 17. Kh2 Qc5 18. Nd5 Bxd5 19. Qxd5 Qb6 20. f4 Rfd8 21.
f5 Rf8 22. fxg6 hxg6 23. Rf6 Rae8 24. Rxg6 Re5 25. Qxe5 dxe5 26. Rxb6 axb6 27.
Rd7 Ne6 28. Bf1 Ra8 29. Bc4 Ra4 30. Bxe6 fxe6 31. Rxc7 Rxe4 32. Kg2 Rb4 33. c4
Rb2+ 34. Kf3 Rxa2 35. Rxb7 Rc2 36. Rc7 Rc3+ 37. Ke4 Rxg3 38. Kxe5 Rxh3 39. Kxe6
1-0

[Event "IX Torneo Internazionale"]
[Site "Montecatini Terme ITA"]
[Date "2003.11.12"]
[Round "6"]
[White "Camerini, Lorenzo"]
[Black "Passerotti, Pierluigi"]
[Result "0-1"]
[WhiteElo "1894"]
[BlackElo "2295"]
[PlyCount "130"]
[EventDate "2003.11.08"]

1. e4 c5 2. Nf3 d6 3. d4 cxd4 4. Nxd4 Nf6 5. Nc3 a6 6. Bg5 e6 7. f4 Be7 8. Qf3
Qc7 9. O-O-O Nbd7 10. g4 b5 11. Bxf6 Nxf6 12. g5 Nd7 13. f5 Bxg5+ 14. Kb1 Ne5
15. Qh5 Qd8 16. fxe6 g6 17. exf7+ Kxf7 18. Qe2 Bg4 19. Nc6 Bxe2 20. Nxd8+ Raxd8
21. Bxe2 Kg7 22. Nd5 Rd7 23. Nb6 Re7 24. Rhf1 Rd8 25. Nd5 Rb7 26. a4 Ra8 27.
axb5 axb5 28. Nb4 Be7 29. c3 Nd7 30. Bg4 Nc5 31. Bf3 Rba7 32. e5 Ra1+ 33. Kc2
Rxd1 34. Rxd1 Rf8 35. exd6 Bxd6 36. Rxd6 Rxf3 37. Rd5 Rf2+ 38. Rd2 Rf5 39. Rd5
Kf6 40. Kd2 Na4 41. b3 Nc5 42. Ke3 Nxb3 43. Rxf5+ gxf5 44. Kf4 Nc1 45. Nd5+ Kg6
46. Ne7+ Kf6 47. Nd5+ Kg6 48. Ne7+ Kf7 49. Nxf5 Ne2+ 50. Ke3 Nxc3 51. Kd3 Kf6
52. Ne3 Na4 53. Nd5+ Kf5 54. h3 Nc5+ 55. Kd4 Ne6+ 56. Kc3 Ke5 57. Ne3 Kf4 58.
Nd5+ Ke5 59. Ne3 h5 60. Nf1 Kf4 61. Kb4 Nc7 62. Kc5 Kf3 63. Kc6 Kg2 64. Ne3+
Kxh3 65. Kxc7 b4 0-1

[Event "IX Torneo Internazionale"]
[Site "Montecatini Terme ITA"]
[Date "2003.11.12"]
[Round "6"]
[White "Mrdja, Milan"]
[Black "Sciortino, Massimo"]
[Result "1/2-1/2"]
[WhiteElo "2387"]
[BlackElo "2192"]
[PlyCount "37"]
[EventDate "2003.11.08"]

1. e4 e5 2. Nf3 Nc6 3. Bc4 Nf6 4. d3 Be7 5. O-O h6 6. c3 O-O 7. Re1 d6 8. a3
Re8 9. Nbd2 Bf8 10. Nf1 g6 11. h3 Be6 12. Bxe6 fxe6 13. d4 exd4 14. cxd4 Bg7
15. Ng3 Kh7 16. Qd3 e5 17. d5 Ne7 18. Bd2 a5 19. Rac1 1/2-1/2